[Event "XVIII Najdorf Open 2018"]
[Site "Warsaw"]
[Date "2018.07.10"]
[Round "3"]
[White "Krysztofiak, Marcin"]
[Black "Bartel, Mateusz"]
[Result "0-1"]
[WhiteElo "2384"]
[BlackElo "2604"]
[Annotator "TA"]
[PlyCount "96"]
[EventDate "2018.07.08"]
[EventCountry "POL"]
[SourceTitle "playchess.com"]
[Source "ChessBase"]
[SourceQuality "1"]

{[%evp 15,95,11,12,3,22,4,43,43,42,33,53,53,54,55,47,28,84,81,91,42,36,43,60,74,62,69,70,0,0,0,0,-10,0,0,0,-14,0,0,0,-6,0,-16,-10,-32,-25,-16,0,0,0,-108,-37,-76,-58,-79,-86,-162,-159,-260,-223,-267,-266,-449,-431,-896,-519,-555,0,-29991,-29992,-29992,-29993,-29995,-29994,-29994,-29990,-29995,-29996,-29996,-29997,-29997,-29998,-29999]} 1. Nf3 Nf6 2. c4 b6 3. b3 Bb7 4. e3 g6 5. Bb2 Bg7 6. d4 {A05: Réti Opening: 1 Nf3 Nf6} O-O 7. Be2 (7. Nc3 e6 8. Qc2 d6 9. Rd1 Nbd7 10. Be2 a6 11. O-O Qe7 12. e4 e5 13. Nd5 Nxd5 14. cxd5 exd4 15. Nxd4 {0-1 (49) Nakamura,H (2791)-Vachier Lagrave,M (2819) chess.com INT 2016}) 7... e6 8. O-O d5 {LiveBook: 3 Games} 9. Nbd2 Nbd7 10. Rc1 Rc8 11. b4 $146 ({Predecessor:} 11. c5 c6 12. b4 Ra8 13. a4 Qe7 14. Qb3 e5 15. Nxe5 Nxe5 16. dxe5 {1-0 (34) Jamilov,R (2308)-Antonov,S (2143) Ufa 2007}) 11... Ne4 12. c5 Nxd2 13. Qxd2 {Black must now prevent c6.} c6 14. a4 Qc7 15. Rc2 f5 (15... bxc5 $11 16. bxc5 (16. dxc5 Bxb2 17. Rxb2 e5 $14) 16... Nf6) 16. Rfc1 bxc5 17. bxc5 Rce8 18. Rb1 f4 19. exf4 Rxf4 20. Bc3 Rff8 21. Qe3 ({White should play} 21. Ba5 $14 Qc8 22. Rcb2) 21... e5 $11 22. Nxe5 Nxe5 23. dxe5 Bxe5 24. Bxe5 Rxe5 25. Qg3 Qe7 26. Bf1 {Threatens to win with Rxb7!} Bc8 {Hoping for ...Bf5.} 27. Rcc1 Qf6 28. Rb8 h5 {[%cal Bh7h5,Bh5h4][%mdl 32]} 29. f3 h4 $36 {[%mdl 2048] Black fights for an advantage.} 30. Qf2 h3 31. g3 $1 Ree8 {[%cal Be5e8,Be8b8,Bb8b3,Bb3f3][%mdl 32]} 32. f4 (32. Re1 $11 {remains equal.}) 32... g5 (32... Bf5 $17 33. Rb7 Rf7) 33. Rb4 a5 34. Rd4 g4 35. Qd2 (35. Rdd1 $17 {was necessary.}) 35... Bf5 $19 36. Kf2 (36. Rd1 $17) 36... Rb8 37. Rd1 Rfe8 38. Be2 $2 (38. Kg1 {is a better defense.}) 38... Rb3 39. Rc1 (39. Ba6 $142 Bd3 40. Rxd3) 39... Reb8 40. Rd1 Re8 $2 (40... Qe7 $19 41. Re1 Qxc5) 41. Qxa5 $2 {[%mdl 8192] [#]} (41. Rc1 $11) 41... Rxe2+ $1 {[%mdl 512] Black mates.} 42. Kxe2 Qe7+ 43. Kf2 Rf3+ 44. Kg1 Qe3+ 45. Kh1 {[#]} Rf1+ $1 {[%mdl 512]} 46. Rxf1 Be4+ 47. Rxe4 Qxe4+ 48. Kg1 Qg2# {Precision: White = 36%, Black = 54%.} 0-1

[Event "XVIII Najdorf Open 2018"]
[Site "Warsaw"]
[Date "2018.07.10"]
[Round "3"]
[White "Zylka, Stanislaw"]
[Black "Chomczyk, Marek"]
[Result "0-1"]
[WhiteElo "2380"]
[BlackElo "2247"]
[Annotator "TA"]
[PlyCount "80"]
[EventDate "2018.07.08"]
[EventCountry "POL"]
[SourceTitle "playchess.com"]
[Source "ChessBase"]
[SourceQuality "1"]

{[%evp 33,80,25,24,23,35,36,35,31,22,35,22,21,22,3,5,11,8,0,61,47,63,58,55,11,18,0,45,0,18,-4,-2,-35,-26,-25,-41,-30,-14,-141,0,-429,-402,-710,-689,-2008,-1981,-1834,-1766,-1578,-1532]} 1. d4 Nf6 2. c4 e6 3. g3 d5 4. Bg2 Be7 5. Nf3 O-O 6. O-O dxc4 7. Qc2 a6 8. Qxc4 b5 9. Qc2 Bb7 10. Bd2 Be4 11. Qc1 Bb7 12. Qc2 Be4 13. Qc1 Bb7 14. Bf4 Nd5 15. Nc3 {E05: Open Catalan: 5 Nf3 Be7} Nxf4 16. Qxf4 c5 17. dxc5 Bxc5 {LiveBook: 15 Games} 18. Rac1 {[#]} Nd7 $146 ({Predecessor:} 18... Qe7 19. Rfd1 Ra7 20. Ne4 Bxe4 21. Qxe4 Rc7 22. b4 Bd6 23. Rxc7 Bxc7 {½-½ (67) Piket,J (2625)-Karpov,A (2775) Dortmund 1995}) 19. Rfd1 {aiming for Ne5.} Qe7 20. b4 Bxb4 {[#] Threatens to win with ...Nf6.} 21. Rxd7 $1 {[%mdl 512]} Qxd7 22. Qxb4 Rfc8 23. Ne5 Qc7 {And now ...Bxg2 would win.} 24. Bxb7 Qxb7 25. a4 {[%cal Ra4b5]} Qc7 ({Better is} 25... h6 $11) 26. Nd3 $14 Qc4 27. Qa3 $1 {Black must now prevent Nxb5.} ({Much weaker is} 27. axb5 $6 Qxb4 28. Nxb4 axb5 $11) 27... Qg4 28. Kg2 Qd4 29. Kg1 Qg4 30. e4 h5 31. Qe7 Qf3 32. Ne5 (32. Ne1 {looks sharper.} Qf6 33. Qxf6 gxf6 34. axb5 axb5 35. Kf1) 32... Qf6 33. Qxf6 $1 gxf6 34. Nd3 $1 Rc4 {...Rac8 is the strong threat.} 35. Kf1 (35. Nb2 $11 {remains equal.} Rb4 36. Nbd1) 35... b4 ({But not} 35... bxa4 $6 36. Nb2 $11) (35... Rac8 $17 36. Ne2 Rxc1+ 37. Nexc1 bxa4) 36. Na2 $2 {[%mdl 8192] [#]} (36. Ne2 $11 Rxc1+ 37. Ndxc1) 36... b3 $1 $19 {[%cal Rb3a2,Bb4b3,Bb3b2][%mdl 32]} 37. Nc3 {[#]} (37. Rxc4 $2 {loses.} bxa2 38. Rc1 Rb8 $19) (37. Nb2 $142 Rc2 38. Rxc2 bxa2 39. Rc1) 37... Rac8 $1 {Black is clearly winning.} 38. Ne2 Rxc1+ 39. Nexc1 {[#]} Rxc1+ $1 {[%mdl 512]} 40. Nxc1 b2 {Precision: White = 33%, Black = 65%.} 0-1

[Event "XVIII Najdorf Open 2018"]
[Site "Warsaw"]
[Date "2018.07.10"]
[Round "3"]
[White "Karpus, Michal"]
[Black "Sowul, Bartosz"]
[Result "1-0"]
[WhiteElo "2364"]
[BlackElo "2242"]
[Annotator "NA"]
[PlyCount "67"]
[EventDate "2018.07.08"]
[EventCountry "POL"]
[SourceTitle "playchess.com"]
[Source "ChessBase"]
[SourceQuality "1"]

1. e4 c5 2. Nf3 g6 3. d4 cxd4 4. Nxd4 Bg7 5. c4 Nc6 6. Be3 Nf6 7. Nc3 Ng4 8. Qxg4 Nxd4 9. Qd1 e5 10. Bd3 O-O 11. O-O d6 12. Qd2 Be6 13. Rac1 a6 14. b3 Rc8 15. Rfd1 Qd7 16. f3 Rc6 17. Ne2 Nxe2+ 18. Bxe2 f5 19. exf5 gxf5 20. a4 Rf6 21. b4 Qf7 22. b5 Rxc4 23. Bxc4 Bxc4 24. bxa6 bxa6 25. Qb4 Bd5 26. Bg5 Qa7+ 27. Kh1 Rg6 28. Rxd5 Rxg5 29. Rc8+ Kf7 30. Rxd6 Bf8 31. Rf6+ Kxf6 32. Qxf8+ Ke6 33. Rc6+ Kd5 34. Qd6# 1-0

[Event "XVIII Najdorf Open 2018"]
[Site "Warsaw"]
[Date "2018.07.10"]
[Round "3"]
[White "Lewtak, Damian"]
[Black "Sanz Wawer, Daniel"]
[Result "1-0"]
[WhiteElo "2358"]
[BlackElo "2233"]
[Annotator "ChessBase"]
[PlyCount "133"]
[EventDate "2018.07.08"]
[EventCountry "POL"]
[SourceTitle "playchess.com"]
[Source "ChessBase"]
[SourceQuality "1"]

1. d4 d5 2. Bf4 Nf6 3. c3 e6 4. e3 c5 5. Nd2 Nc6 6. Ngf3 cxd4 7. exd4 Nh5 8. Be3 Bd6 9. Ne5 g6 10. Ndf3 f6 11. Nxc6 bxc6 12. Bh6 e5 13. dxe5 fxe5 14. Be2 Qf6 15. g3 Ng7 16. Qa4 Bd7 17. O-O-O Ne6 18. Qh4 Qxh4 19. Nxh4 O-O-O 20. Nf3 Rhe8 21. Rhe1 Nc5 22. Be3 Kb7 23. Nd2 Bf5 24. Nb3 Nxb3+ 25. axb3 a5 26. Bd3 Be6 27. Kc2 Kc7 28. Ra1 Ra8 29. Ra4 Reb8 30. Bh6 e4 31. Bf1 Bf5 32. Be3 Kd7 33. Rea1 c5 34. Rxa5 Rxa5 35. Rxa5 d4 36. Ra7+ Ke8 37. cxd4 cxd4 38. Bxd4 e3+ 39. Kd1 Bg4+ 40. Be2 exf2 41. Bxf2 Bxe2+ 42. Kxe2 Rxb3 43. Bd4 Be7 44. Bc3 h5 45. Kd3 Rb6 46. Bd4 Re6 47. Ra1 g5 48. Bc3 Kd7 49. Re1 Rb6 50. Ke4 Rb5 51. Ra1 h4 52. g4 h3 53. Rd1+ Ke6 54. Rd3 Rc5 55. Re3 Kf7 56. Kd4 Rc8 57. Rxh3 Bd6 58. Kd5 Bf4 59. Rh8 Rxh8 60. Bxh8 Bxh2 61. b4 Ke7 62. b5 Kd7 63. b6 Kc8 64. Kc6 Bc7 65. b7+ Kb8 66. Bd4 Bf4 67. Bc5 1-0

[Event "XVIII Najdorf Open 2018"]
[Site "Warsaw"]
[Date "2018.07.10"]
[Round "3"]
[White "Bartel, Michal"]
[Black "Kowalczyk, Rafal"]
[Result "1/2-1/2"]
[WhiteElo "2349"]
[BlackElo "2209"]
[Annotator "TA"]
[PlyCount "169"]
[EventDate "2018.07.08"]
[EventCountry "POL"]
[SourceTitle "playchess.com"]
[Source "ChessBase"]
[SourceQuality "1"]

{[%evp 16,168,-18,-16,-13,-17,-7,-10,-14,-20,0,0,0,0,0,0,0,0,0,1,0,-12,-7,-56,-41,-70,14,0,0,6,9,0,41,27,61,12,52,53,60,60,117,110,101,110,117,127,111,71,99,60,42,65,68,0,0,0,0,0,11,-1,11,11,11,11,11,11,11,11,11,11,11,11,11,11,11,11,11,11,11,8,8,8,8,8,8,8,8,8,8,8,8,8,15,16,24,8,8,8,8,8,8,8,8,8,8,8,8,8,8,8,8,8,8,8,8,8,8,8,8,8,8,0,8,8,8,0,0,0,0,0,0,0,0,0,0,0,0,0,0,0,0,0,0,0,0,0,0,0,0,0,0,0,0,0,0]} 1. e4 e5 2. Nc3 Nf6 3. g3 d5 4. exd5 Nxd5 5. Bg2 Nxc3 6. bxc3 Bc5 7. Ne2 Nc6 8. Rb1 O-O 9. O-O {LiveBook: 28 Games} Qf6 {C26: Vienna Game: 2...Nf6, sidelines} (9... Qd6 10. d3 Bg4 11. h3 Be6 12. Be3 Bb6 13. c4 Rad8 14. Nc3 f5 15. Kh2 Nd4 16. Bxd4 Qxd4 17. Nd5 {½-½ (54) Safarli,E (2641)-Kravtsiv,M (2657) Kocaeli 2017}) 10. d3 Bg4 11. Be3 Bb6 12. c4 Qd6 $146 ({Predecessor:} 12... Rab8 13. c5 Ba5 14. f3 Bd7 15. Qc1 b6 16. Qa3 Rfe8 17. Nc3 {0-1 (31) Martin,T (2305)-Unzicker,F (2218) Bayern 2003}) 13. h3 Bd7 14. Nc3 {[%cal Be2c3,Bc3b5,Bb5c7,Bc7d5][%mdl 32] [#] Strongly threatening c5!} f5 15. c5 Bxc5 16. Nb5 Qe7 17. Nxc7 Rab8 18. Qf3 {[#] And now Qd5+ would win.} Kh8 19. Bxc5 Qxc5 20. Qd5 Qxd5 (20... Qe7 $1 $15) 21. Nxd5 f4 22. Rfe1 b6 23. Nb4 $36 {[%mdl 2048] White has good play.} f3 24. Bf1 Rbe8 25. Re3 Nxb4 26. Rxb4 Bc6 27. Rc4 Bd5 ({Black should play} 27... Rf6 $14) 28. Rc7 $16 Bxa2 29. Rxa7 Bb1 30. c4 {Hoping for Re1.} e4 31. d4 Ra8 32. Rea3 (32. Rb7 {with more complications.} Bc2 33. Rc3 Ra1 34. Rxc2 Rfa8 35. Kh2) 32... Rxa7 33. Rxa7 $14 {[%mdl 4096] Endgame KRB-KRB} g6 34. c5 ({White should try} 34. Ra6 $14) 34... bxc5 $11 35. dxc5 {c6 is the strong threat.} Rc8 $1 {[%cal Rc8c5]} 36. Ra5 Bd3 37. h4 Kg7 38. Ra7+ Kf6 39. Bxd3 $1 exd3 {KR-KR} 40. Rd7 Rxc5 {aiming for ...Rc1+.} 41. Rxd3 Rf5 42. Kh2 h5 $1 43. Rd6+ Kg7 44. Kh3 Ra5 45. Rd3 Rf5 46. Rd4 Kh6 47. g4 hxg4+ $1 48. Kxg4 Rf6 49. Rd3 Rf5 50. Rd6 Kg7 51. Ra6 Kh7 52. Ra3 Kh6 53. Re3 Rf6 54. Re5 Rf7 55. h5 gxh5+ {The position is equal.} 56. Rxh5+ Kg6 57. Rh3 Rf8 58. Rg3 Rf7 59. Kh4+ Kh6 60. Rg4 Rf5 61. Kg3 Rf6 62. Ra4 Rf8 63. Kg4 Rf6 64. Ra5 Kg6 65. Ra3 Rf8 66. Ra6+ Rf6 67. Ra5 Rf8 68. Rh5 Rf6 69. Rg5+ Kh6 70. Rf5 (70. Rb5 {keeps more tension.} Ra6 71. Rb4 Rf6 72. Ra4 Kg6 73. Ra8) 70... Rxf5 71. Kxf5 {KP-KP} Kg7 72. Kf4 Kf6 73. Kxf3 {KP-K} Kf5 74. Ke3 $1 {[%cal Re3f3] White threatens Kf3 and mate.} Ke5 75. f4+ Kf5 76. Kf3 Kf6 77. Ke4 Ke6 78. f5+ Kf6 79. Kf4 Kf7 80. Ke5 Ke7 81. f6+ Kf7 82. Kf5 Kf8 83. Ke6 {Threatening mate with f7.} Ke8 84. f7+ $2 {[%mdl 8192]} (84. Kd5 Kf8 85. Ke6) 84... Kf8 85. Kf6 {Precision: White = 70%, Black = 73%.} 1/2-1/2

[Event "XVIII Najdorf Open 2018"]
[Site "Warsaw"]
[Date "2018.07.10"]
[Round "3"]
[White "Deszczynski, Adam"]
[Black "Mulet, Piotr"]
[Result "1-0"]
[WhiteElo "2345"]
[BlackElo "2202"]
[Annotator "NA"]
[PlyCount "91"]
[EventDate "2018.07.08"]
[EventCountry "POL"]
[SourceTitle "playchess.com"]
[Source "ChessBase"]
[SourceQuality "1"]

1. e4 e6 2. d4 d5 3. Nd2 Nf6 4. Bd3 c5 5. e5 Nfd7 6. c3 Nc6 7. Ngf3 g6 8. h4 Be7 9. Qe2 Qb6 10. Qe3 h6 11. a3 a5 12. Nf1 a4 13. Rb1 Na5 14. Qe2 cxd4 15. cxd4 Nb8 16. Be3 Bd7 17. N1d2 Nbc6 18. g3 Na7 19. O-O Rc8 20. Qd1 Qc7 21. Rc1 Qxc1 22. Qxc1 Rxc1 23. Rxc1 Kd8 24. Nh2 b5 25. Ng4 Bf8 26. Nf6 Bc6 27. h5 Nc4 28. Nxc4 dxc4 29. Bc2 c3 30. d5 exd5 31. Bxa7 cxb2 32. Rd1 Bxa3 33. Nxd5 Kc8 34. hxg6 fxg6 35. e6 Kb7 36. Be3 b4 37. Bxg6 b3 38. e7 Bxe7 39. Nxe7 a3 40. Nxc6 Kxc6 41. Be4+ Kb5 42. Rd5+ Kc4 43. Rd4+ Kb5 44. Rd5+ Kc4 45. Rd4+ Kb5 46. Rd1 1-0

[Event "XVIII Najdorf Open 2018"]
[Site "Warsaw"]
[Date "2018.07.10"]
[Round "3"]
[White "Oglaza, Oskar"]
[Black "Heberla, Bartlomiej"]
[Result "1-0"]
[WhiteElo "2344"]
[BlackElo "2563"]
[Annotator "TA"]
[PlyCount "145"]
[EventDate "2018.07.08"]
[EventCountry "POL"]
[SourceTitle "playchess.com"]
[Source "ChessBase"]
[SourceQuality "1"]

{[%evp 18,145,13,8,6,8,12,0,15,13,16,8,8,13,21,3,20,0,0,0,0,-5,-5,-5,-5,-9,-5,-12,-5,-5,-4,-22,-32,-45,-22,-47,-53,-56,-27,-28,-19,-28,-19,-31,-16,-20,-4,0,-11,-5,0,-27,-10,-11,-4,-5,0,-12,0,0,0,-14,-14,-12,-14,-32,-27,-59,0,0,-1,-1,0,0,0,0,0,0,0,0,0,0,0,0,0,0,0,0,0,0,0,0,0,0,0,0,0,0,0,0,0,0,0,0,0,0,0,0,0,0,0,0,0,0,0,0,0,0,0,0,0,0,0,0,0,0,29990,29991,29994,29993]} 1. d4 d5 2. c4 e6 3. Nc3 a6 4. cxd5 exd5 5. Bf4 Nf6 6. e3 {D31: Damengambit (Halbslawisch)} Bd6 7. Bxd6 Qxd6 8. Bd3 O-O 9. h3 b6 10. Nf3 {LiveBook: 3 Partien} Nbd7 11. O-O Bb7 12. Qc2 $146 ({Vorgänger:} 12. Qb3 c5 {1-0 (41) Pelletier,Y (2575)-Nabaty,T (2580) Warsaw 2013}) 12... Qe7 13. Qb3 g6 14. a4 Rab8 15. Qa3 c5 16. Rab1 Rfe8 {[%cal Bf8e8,Be8e7,Be7d7][%mdl 32]} 17. Rfd1 Ne4 18. Bxe4 dxe4 19. Nd2 cxd4 20. Qxe7 Rxe7 21. exd4 Rc8 22. Nf1 f5 23. Ne3 Nf6 24. Rbc1 Rd7 25. b3 Rcd8 26. Nc4 Rxd4 27. Nxb6 {[#]} e3 $1 {[%mdl 512]} 28. Rxd4 (28. fxe3 Rd2) 28... Rxd4 29. Nc4 exf2+ 30. Kxf2 Rd3 {Weiss muss nun ...Txc3! beachten.} 31. Na5 $1 {[%cal Ra5b7]} Ba8 {Und weiter mit ...Txc3! wäre nett.} 32. Ne2 $1 Ne4+ 33. Kg1 Kf7 34. Nf4 Rd7 35. Nc4 {Droht Se5+ und aus.} Rd8 36. Nb6 g5 37. Nxa8 (37. Rc7+ {feels hotter.} Kf6 38. Nh5+ Kg6 39. g4 Rd1+ 40. Kg2) 37... Rxa8 $11 {[%mdl 4096] Endspiel KTS-KTS} 38. Rc7+ Kf6 39. Rc6+ Ke5 40. Nd3+ Kd4 41. Ne1 Rb8 42. b4 Kd5 ({Günstiger ist} 42... Ke3 $15) 43. Rxa6 Rxb4 {Und ...Tb1 würde nun gewinnen.} 44. Ra5+ Ke6 45. Nf3 g4 46. hxg4 fxg4 47. Ng5+ Nxg5 48. Rxg5 {KT-KT} Kf6 49. Ra5 g3 {[%cal Rb4b1]} 50. Kf1 Rb2 51. Ra8 Rf2+ 52. Kg1 {Tf8+ ist eine echte Drohung.} Ra2 {[%cal Ra2a1]} 53. Kf1 h5 54. Rg8 Ra3 55. a5 Kf5 56. a6 Kf4 57. Ra8 Ke3 {[%cal Ra3a1]} 58. Re8+ Kf4 59. Ra8 Ra1+ (59... Ke3 $5 60. Re8+ $8 Kd4 $11) 60. Ke2 Ra2+ 61. Kd3 Kg4 62. a7 Kh4 63. Ke3 Ra6 64. Kf4 {Droht stark Ke3.} Ra1 65. Kf5 $1 {jetzt Te8 und aus.} Ra5+ 66. Kf4 Ra2 67. Kf3 $1 {[%cal Rf3e3] zielt auf Ke3 ab.} Rf2+ 68. Ke3 Rf7 69. Ke4 Rb7 70. Kf4 Rf7+ 71. Ke5 Re7+ $2 {[%mdl 8192] [#]} (71... Rf5+ $11 72. Ke4 Ra5) 72. Kf6 $1 Rb7 73. Re8 {Precision: Weiß = 70%, Schwarz = 69%.} 1-0

[Event "XVIII Najdorf Open 2018"]
[Site "Warsaw"]
[Date "2018.07.10"]
[Round "3"]
[White "Warakomska, Anna"]
[Black "Balasubramaniam, H."]
[Result "1/2-1/2"]
[WhiteElo "2342"]
[BlackElo "2219"]
[Annotator "NA"]
[PlyCount "74"]
[EventDate "2018.07.08"]
[EventCountry "POL"]
[SourceTitle "playchess.com"]
[Source "ChessBase"]
[SourceQuality "1"]

1. e4 c5 2. Nf3 e6 3. b3 b6 4. Bd3 Bb7 5. O-O a6 6. Bb2 d6 7. Re1 Nf6 8. e5 dxe5 9. Nxe5 Be7 10. a4 Nbd7 11. Nxd7 Qxd7 12. Na3 Bd5 13. Nc4 Qb7 14. f3 O-O 15. Ne3 Bc6 16. Qe2 Rfe8 17. Nc4 Nd7 18. Qf2 Qc7 19. Qg3 Qxg3 20. hxg3 Bd5 21. Kf2 Reb8 22. Rh1 h6 23. g4 b5 24. Ne5 Nf8 25. axb5 axb5 26. Rxa8 Bxa8 27. Ra1 f6 28. Ng6 Nxg6 29. Bxg6 Bd5 30. Ke2 Kf8 31. Ra6 c4 32. bxc4 Bxc4+ 33. d3 Bd5 34. Be4 Bxe4 35. fxe4 e5 36. Bc3 b4 37. Bb2 Bc5 1/2-1/2

[Event "XVIII Najdorf Open 2018"]
[Site "Warsaw"]
[Date "2018.07.10"]
[Round "3"]
[White "Buksa, Nataliya"]
[Black "Mista, Aleksander"]
[Result "0-1"]
[WhiteElo "2337"]
[BlackElo "2595"]
[Annotator "TA"]
[PlyCount "74"]
[EventDate "2018.07.08"]
[EventCountry "POL"]
[SourceTitle "playchess.com"]
[Source "ChessBase"]
[SourceQuality "1"]

{[%evp 25,74,0,0,-17,-27,-23,-22,-31,-5,-40,0,0,23,0,0,-23,-21,-27,-31,-26,-33,-52,-31,-22,-28,-14,-11,-20,-23,-21,182,-156,-156,-156,-153,-160,-150,-152,-159,-410,-151,-544,-552,-667,-661,-696,-696,-696,-695,-687,-687]} 1. e4 c5 2. Nf3 d6 3. d4 cxd4 4. Nxd4 Nf6 5. Nc3 e6 6. Be2 a6 7. O-O Be7 8. Be3 Nc6 9. Kh1 O-O 10. f4 Bd7 11. Qe1 b5 12. a3 Qb8 13. Nb3 {B85: Sicilian Scheveningen: 6 Be2 a6, lines with early Be3} (13. Rd1 Nxd4 14. Bxd4 e5 15. Be3 Bc6 16. Bf3 a5 17. Qg3 Kh8 18. Nd5 Bxd5 19. exd5 Nd7 20. Qh3 f5 {½-½ (72) Lintchevski,D (2554)-Artemiev,V (2671) St Petersburg 2015}) 13... a5 {LiveBook: 3 Games} 14. Bf3 (14. Nd2 {keeps more tension.} b4 15. Na4 Bd8 16. b3 Ne7 17. Bd4) 14... a4 15. Nd4 {Black has an edge.} Nxd4 16. Bxd4 e5 17. Be3 Bc6 $146 ({Predecessor:} 17... b4 18. axb4 Qxb4 19. fxe5 dxe5 20. Qg3 Qxb2 {½-½ (41) Aaron,M (2415)-Ree,H (2485) Bangalore 1981}) 18. Qg3 Nd7 19. Bg4 {Black must now prevent Bxd7.} exf4 20. Bxf4 {Threatens to win with Bxd7.} Ne5 21. Bxe5 dxe5 22. Rad1 b4 23. axb4 Qxb4 24. Bd7 Bxe4 25. Qxe5 Bb7 26. Rd3 Ra5 27. Bb5 Bc6 $2 (27... Qc5 $11 28. Qxc5 Bxc5) 28. Nd5 $2 {[#]} (28. Rf4 $1 $18 Qxb2 29. Qxe7 Qc1+ 30. Nd1 (30. Rd1 Qxf4 31. Rd8 Qc1+ 32. Nd1 Qxd1+ 33. Rxd1 Rxb5 $11) 30... Bxg2+ 31. Kg1) 28... Bxd5 $1 $40 {[%mdl 128] Black wants a kill.} 29. Rxd5 Bf6 $1 {[%cal Rf6e5]} 30. Qf5 Qxb2 31. Bc4 Rxd5 32. Bxd5 $2 {[#]} (32. Qxd5 $17 a3 33. Bb3) 32... Rd8 $2 (32... a3 $1 $19 {is more deadly.} 33. Be4 Rd8 34. Qxh7+ Kf8 35. Qh8+ Ke7) 33. Re1 $2 (33. Bc4 $17 {is a better chance.}) 33... g6 $19 {Black is clearly winning.} 34. Qe4 a3 {[%cal Ba4a3,Ba3a2][%mdl 32]} 35. Qc4 {[#]} Rxd5 $1 {[%mdl 512]} 36. Qxd5 a2 37. Qa8+ Kg7 {Precision: White = 30%, Black = 55%.} 0-1

[Event "XVIII Najdorf Open 2018"]
[Site "Warsaw"]
[Date "2018.07.10"]
[Round "3"]
[White "Chylewski, Patryk"]
[Black "Smirnov, Anton"]
[Result "1/2-1/2"]
[WhiteElo "2335"]
[BlackElo "2523"]
[Annotator "TA"]
[PlyCount "81"]
[EventDate "2018.07.08"]
[EventCountry "POL"]
[SourceTitle "playchess.com"]
[Source "ChessBase"]
[SourceQuality "1"]

{[%evp 11,81,32,59,51,44,43,43,31,50,13,24,0,0,0,21,18,16,14,17,14,9,8,14,8,8,8,10,6,7,6,4,6,6,0,0,0,0,0,0,0,0,0,0,0,16,0,14,0,8,8,8,8,8,8,15,0,8,8,8,0,8,0,8,8,8,4,54,51,88,0,8,0]} 1. d4 d5 2. c4 dxc4 3. Nf3 Nf6 4. e3 Bg4 5. Bxc4 e6 6. O-O Nc6 {LiveBook: 18 Games. D25: Queen's Gambit Accepted: 4 e3: sidelines and 4...Bg4} 7. b3 (7. h3 Bh5 8. b3 Bd6 9. Bb2 O-O 10. Nbd2 a6 11. Be2 Qe7 12. Rc1 Ba3 13. Bxa3 Qxa3 14. Nc4 {½-½ (33) Ivanchuk,V (2781)-Tkachiev,V (2664) Moscow 2008}) 7... Bd6 8. Bb2 O-O {White is slightly better.} 9. Nbd2 e5 $146 ({Predecessor:} 9... Qe7 10. Bb5 Rad8 11. Bxc6 bxc6 12. Qc2 c5 13. dxc5 Bxc5 14. Ne5 {½-½ (58) Svenn,G (2288)-Moren,B (2090) Sweden 2015}) 10. dxe5 Bxe5 11. Bxe5 (11. Qb1 {with more complications.} Bxb2 12. Qxb2 Qe7 13. a3 Rfd8 14. h3) 11... Nxe5 12. Be2 Bxf3 13. Nxf3 Qe7 14. Qc2 Rad8 15. Rfd1 c5 16. Rac1 {Black should prevent Rxd8.} b6 17. h3 Nxf3+ 18. Bxf3 g6 19. g3 Rxd1+ 20. Rxd1 Rd8 21. Rxd8+ Qxd8 22. Kf1 Qd7 23. h4 Qd6 24. Qc3 h6 25. Ke2 Ne8 26. Bg2 Qe7 27. Bd5 Nd6 28. Kf3 Kh7 29. a4 g5 30. hxg5 hxg5 31. Kg2 f6 32. Qd3+ Kg7 33. f4 gxf4 34. gxf4 f5 35. Qc3+ Kg6 36. Qh8 Ne8 37. Qg8+ Ng7 38. Kf3 Qf6 39. Bc4 Qc6+ 40. Bd5 (40. Ke2 $16) 40... Qe8 41. Qxe8+ {Precision: White = 52%, Black = 57%.} 1/2-1/2

[Event "XVIII Najdorf Open 2018"]
[Site "Warsaw"]
[Date "2018.07.10"]
[Round "3"]
[White "Zakrzewski, Marek"]
[Black "Kokoszczynski, Jan"]
[Result "1-0"]
[WhiteElo "2309"]
[BlackElo "2111"]
[Annotator "NA RC"]
[PlyCount "93"]
[EventDate "2018.07.08"]
[EventCountry "POL"]
[SourceTitle "playchess.com"]
[Source "ChessBase"]
[SourceQuality "1"]

1. c4 e5 2. g3 Nc6 3. Bg2 g6 4. Nc3 Bg7 5. Rb1 d6 6. b4 f5 7. b5 Nce7 8. e3 Nf6 {A25: English Opening vs King's Indian with ...Nc6 but without early d3} 9. Nd5 (9. Nge2 O-O 10. d4 e4 11. h4 Be6 12. d5 Bf7 13. Nd4 Qd7 14. Qa4 Ng4 15. Nce2 a6 16. O-O axb5 17. Qxb5 Qxb5 18. Rxb5 {½-½ (57) Zwardon,V (2421)-Jakubowski,K (2557) Pardubice 2016}) 9... O-O 10. Ne2 Nfxd5 $146 ({Predecessor:} 10... Nexd5 11. cxd5 Nh5 12. Bf3 Qe8 13. Bb2 g5 14. Bxh5 Qxh5 15. f4 Qf3 {½-½ (15) Kiss,A (2399)-Posch,W (2283) Oberwart 2002}) 11. cxd5 g5 12. f4 Ng6 13. O-O a6 14. a4 axb5 15. axb5 gxf4 16. exf4 exf4 17. Nxf4 Nxf4 18. Rxf4 Bd7 19. Bb2 Bxb2 20. Rxb2 Qf6 21. d4 Ra5 22. Bf1 Rfa8 23. Qc2 Ra1 24. Qxc7 Qe7 25. Rbf2 Rc8 26. Qxb7 Rcc1 27. Kg2 h5 28. Qb8+ Kg7 29. Re2 Qf6 30. Qb7 Qf7 31. Ref2 Qe7 32. h4 Kh6 33. Qb8 Kg7 34. Qb7 Kh6 35. Qb8 Kg7 36. Re2 Qf6 37. b6 Rc8 38. Qb7 Qf7 39. Kh2 Rcc1 40. Bg2 Rab1 41. Qa7 Rb3 {[#]} 42. Be4 $1 Rcc3 43. Bxf5 Bxf5 44. Qxf7+ $18 (44. Rxf5 $142 Qxa7 45. bxa7) 44... Kxf7 45. Rxf5+ Kg6 46. Rg5+ Kf7 47. Rf2+ 1-0

[Event "XVIII Najdorf Open 2018"]
[Site "Warsaw"]
[Date "2018.07.10"]
[Round "3"]
[White "Kucza, Karol"]
[Black "Chyzy, Jakub"]
[Result "1-0"]
[WhiteElo "2308"]
[BlackElo "2100"]
[Annotator "NA"]
[PlyCount "77"]
[EventDate "2018.07.08"]
[EventCountry "POL"]
[SourceTitle "playchess.com"]
[Source "ChessBase"]
[SourceQuality "1"]

1. e4 e5 2. Nf3 Nc6 3. Bb5 a6 4. Ba4 Nf6 5. O-O Be7 6. Re1 b5 7. Bb3 d6 8. c3 O-O 9. h3 Na5 10. Bc2 c5 11. d4 Nd7 12. Nbd2 exd4 13. cxd4 Nc6 14. d5 Nce5 15. a4 Nxf3+ 16. Nxf3 Nb6 17. axb5 axb5 18. Rxa8 Nxa8 19. e5 Nb6 20. Qd3 g6 21. e6 fxe6 22. dxe6 Bb7 23. Qxb5 Bxf3 24. gxf3 Rxf3 25. Be4 Rxh3 26. Bd2 Nc8 27. Bb7 Qf8 28. Ra1 d5 29. Bxd5 Qf5 30. Qd7 Kg7 31. Bg2 Rd3 32. Bc3+ Kh6 33. Qxc8 Bh4 34. Rf1 Rd6 35. Qc7 Rxe6 36. Qg7+ Kh5 37. Qxh7+ Kg4 38. f3+ Kg5 39. Bd2+ 1-0